Naves negras ante Troya : la historia de la Ilíada /
Guardado en:
| Autor Principal: | |
|---|---|
| Otros Autores: | |
| Formato: | Libro |
| Idioma: | Undetermined |
| Publicado: |
Buenos Aires :
Vicens Vives,
2014.
|
| Materias: | |
| Etiquetas: |
Agregar Etiqueta
Sin Etiquetas, Sea el primero en etiquetar este registro!
|
| LEADER | 00754nam a22002055a 4500 | ||
|---|---|---|---|
| 001 | CEM.cems019496 | ||
| 008 | 220905s2014####ag############000#0#und#d | ||
| 005 | 20220905104404.0 | ||
| 245 | 1 | 0 | |a Naves negras ante Troya : |b la historia de la Ilíada / |c Anthony Lawton; ilustrado por Alan Lee. |
| 260 | |a Buenos Aires : |b Vicens Vives, |c 2014. | ||
| 300 | |a 176 p. | ||
| 500 | |a Traducido por: José Ramón Insa y Francisco Javier de la Iglesiaamón Insa y Francisco Javier de la Iglesia. | ||
| 100 | 1 | |a Lawton, Anthony. | |
| 700 | 1 | |a Lee, Alan; il. | |
| 653 | |a Literatura | ||
| 653 | |a Literatura Australiana | ||
| 653 | |a Ilíada | ||
| 653 | |a Literatura Griega | ||
| 653 | |a Clásico Griego | ||
| 859 | |a CEMS |b BIB. CEMS - Inicial y Primaria |h 828.9934 |i L438 |k IP |p 5677 |t Ej.1 | ||
